000 03704nam a22003257a 4500
001 TIC 0018
003 gtcocun
005 20250923170546.0
006 a||||gr|||| 00| 0
007 ta
008 250923b2022 gt ||||| m||| 00| 0 eng d
040 _agtcocun
_bSPA
_cgtcocun
_eRDA
041 _aSPA TIC 0018
084 _0TIC 0018
100 _aYaxcal Riveiro, Milton Dany
_eAutor
245 _aDISEÑO Y PLANIFICACIÓN DE SISTEMA DE ABASTECIMIENTO DE AGUA ALDEA RIBACÓ, EDIFICIO ESCOLAR DE EDUCACIÓN PRIMARIA ALDEA LA PAZ CHEJEL Y PLAN DE REFORESTACIÓN Y MEJORAMIENTO DE MEDIO AMBIENTE BARRIO SAN ANTONIO, PURULHÁ, BAJA VERAPAZ, CUNOR-EPSUM./
_cMilton Dany Yaxcal Riveiro.
_hImpreso
264 _aCobán, Alta Verapaz:
_bUniversidad de San Carlos de Guatemala, Centro Universitario del Norte, Ingeniería Civil
_c2022
300 _a263 p.:
_bIlustraciones, gráficas.
_c28 cm;
336 _2rdacontenido
_aTexto
_btxt
337 _2rdamedio
_aComputadora
_bn
338 _2rdasoporte
_aCódigo en línea
_bcr
502 _eTIC 0018
502 _aTesis de grado
_bIngeniería Civil,
_cUniversidad de San Carlos de Guatemala, Centro Universitario del Norte, Ingeniería Civil
_d2022
_oTIC 0018
520 1 4 _aEl Ejercicio Profesional Supervisado se realizó en la municipalidad de Puruhá Baja Verapaz, en donde se elaboraron dos propuestas de proyectos con aportación técnica para dar solución a las necesidades de la población y así impulsar el desarrollo de más comunidades. El trabajo se desarrolló durante ocho meses y se dividió en las fases de diagnóstico, plan de trabajo, ejecución de actividades e informes mensuales. Este proceso estuvo guiado bajo las normas del Centro Universitario del Norte y el Programa de Ejercicio Profesional Supervisado Multidisciplinario. Durante la fase de investigación se determinaron las prioridades del municipio, a través de un diagnóstico que permitió identificar las necesidades sentidas y así se priorizaron los problemas más relevantes, para los cuales se plantearon algunas propuestas de solución. De esta manera se consideró trabajar en la realización de un proyecto que consistió en diseñar un sistema de abastecimiento de agua para la aldea Ribacó y el diseño de una escuela de educación primaria para la aldea la Paz Chejel en el municipio de Puruhá. Al tener definidos los proyectos, se procedió a realizar un plan de trabajo para el desarrollo de las actividades y el cumplimiento de los procesos que lleva cada diseño de proyecto. Para cada proyecto se realizó una monografía general del municipio, presupuesto general, costos unitarios, cronograma físico, cronograma financiero, especificaciones técnicas, planos de construcción en tamaño A1 y apéndices en los cuales se pueden encontrar libretas topográficas, estudios de suelo, de agua y fotografías, entre otras. Además de los diseños, también se trabajó en la implementación de huertos familiares para contribuir de alguna manera con la alimentación de las familias que se involucraron en las diferentes actividades realizadas por el equipo multidisciplinario, así mismo se reforestó un área municipal en el Barrio San Antonio, donde también se impartieron talleres sobre el medio ambiente y la importancia del cuidado del suelo.
650 1 _2LEMB
_aPurulhá, Baja Verapaz.
_xIngeniería
_xInvestigación
_xProyecto
_xAnálisis
_xDiseño
_xDesarrollo
700 _aIng. Civil. Marlon Alexander Moran Castro
_eAsesor
856 _uhttps://drive.google.com/file/d/1Av7OnTAIM4JBhiPRjZzRZFvh8PAX5UPW/view
_yPDF
_zUn ejemplar en línea.
942 _2ddc
_cTES
_iTIC 0018
_kClasificación
_n0
_6TIC_0018_000000000000000
999 _c2083
_d2083